00471nam a2200133Ia 4500008004100000100002000041245005500061245003500116260000900151650002600160856005900186999001900245952007300264160609s9999 xx 000 0 und d aGilbert, Maria. aIntegrative Therapy: 100 Key Points And Techniques cBy:Maria Gilbert, Vanja Orlans c2011 xGUIDANCE & COUNSELING uhttp://file.ebook777.com/010/IntThe100KeyPoiAndTec.pdf c295882d295882 001040aCLbCLd2016-06-09l0r2016-06-09 00:00:00w2016-06-09yCBE